000 01080nam0a22002651 4500
001 v19\rc\1644846
005 20250619001243.0
035 _a(NLR Aleph) 004757369
090 _a4566248
_c4566248
100 _a20061002d1887 |||y0rusy50 ca
101 0 _arus
102 _aRU
105 _ay z |||||
200 1 _aКарболинеум Авенариус, антисептическое средство для сохранения лесного материала и деревянных изделий
_eОписание свойств его и способа его употребления
_eИзвлеч. из монографии, единств. фабриканта карболинеума Р. Авенариуса
210 _aМосква
_cтипо-лит. "Техник"
_d1887
215 _a[2], 13 с.
_d22
700 1 _aАвенариус
_bР.
801 0 _aRU
_bNLR
_gpsbo
801 0 _aRU
_bRuMoRGB
_2psbo
801 1 _aRU
_bProSoft-M
_2rusmarc
852 _aNLR
_j18.320.2.238
899 _aRuMoRGB
_jA 170/216
899 _aБАН
942 _cBOOK
980 _aNB